Entrevista a Jan Prochz̀ka. La fotocatl̀isis y tecnologa̕ FN

Uloženo v:
Podrobná bibliografie
Další autoři: Canal levengereu / YouTube
Médium: Kniha
Jazyk:složené (víceřádkové) jazyky
Témata:
On-line přístup:Entrevista a Jan Prochz̀ka. La fotocatl̀isis y tecnologa̕ FN
Tagy: Přidat tag
Žádné tagy, Buďte první, kdo vytvoří štítek k tomuto záznamu!

MARC

LEADER 00000nam a22000004a 4500
001 vpro9592
005 20201223000000.0
008 160216s2016 ck # g## #001 0#mul#d
020
022
040 |a CO-BoINGC 
041 0 |a mul 
245 1 0 |a Entrevista a Jan Prochz̀ka. La fotocatl̀isis y tecnologa̕ FN 
246 |a Interview with Jan Prochz̀ka. Photocatalysis and FN Technology 
264 |a Bogot ̀(Colombia) :  |b Revista VirtualPRO,  |c 2016 
520 3
650 \ \ |a Fisicoqum̕ica 
650 \ \ |a Fotoqum̕ica 
650 \ \ |a Qum̕ica 
650 \ \ |a Chemistry 
650 \ \ |a physical and theoretical 
650 \ \ |a Photochemistry 
650 \ \ |a Chemistry 
650 \ \ |a fotocatl̀isis 
650 \ \ |a fotocatalizadores 
650 \ \ |a photocatalysis 
650 \ \ |a photocatalysts  
700 \ \ |a Canal levengereu / YouTube 
856 |z Entrevista a Jan Prochz̀ka. La fotocatl̀isis y tecnologa̕ FN  |u https://virtualpro.unach.elogim.com/biblioteca/entrevista-a-jan-prochazka-la-fotocatalisis-y-tecnologia-fn